000 01503nam a22002417a 4500
999 _c63111
_d63111
003 Ge_BSU
005 20250604114039.0
008 250604s2012 ge ||||| |||| 00| 0 geo d
020 _a9789941439544
041 _ageo
080 _a51(075.8) მ-15
245 _aმათემატიკა :
_bმე-11 კლ. სახელმძღვ. /
_cავტორები : გურამ გოგიშვილი, თეიმურაზ ვეფხვაძე, ია მებონია, ლამარა ქურჩიშვილი; რედ. თეიმურაზ ვეფხვაძე.
264 _aთბ. :
_bინტელექტი,
_c2012.
300 _a358 გვ. ;
_b27 სმ.
500 _aგრიფი მიენიჭა 2012 წელს სსიპ განათლების ხარისხის განვითარების ეროვნული ცენტრის (ბრძანება #375, 18.05.2012) მიერ
653 _a მათემატიკა
700 _a გოგიშვილი, გურამ
_eავტორი
_925241
700 _aვეფხვაძე, თ.
_eავტორი
_925242
700 _a მებონია, ია ა
_eავტორი
_925243
700 _aქურჩიშვილი, ლამარა
_eავტორი
_925244
700 _aვეფხვაძე, თ.
_eრედაქტორი
_925245
942 _2udc
_cᲬᲘᲒᲜᲘ